书目信息 |
| 题名: |
简明实用英语
|
|
| 作者: | 崔秀敏 , 项新宇 主编 | |
| 分册: | ||
| 出版信息: | 北京 机械工业出版社 2005.09 |
|
| 页数: | 149页 | |
| 开本: | 24cm | |
| 丛书名: | ||
| 单 册: | ||
| 中图分类: | H31 | |
| 科图分类: | ||
| 主题词: | 英语--ying yu--高等教育--教材 | |
| 电子资源: | ||
| ISBN: | 7-111-17077-6 | |
| 000 | 00946nam0 2200253 450 | |
| 001 | 012006348750 | |
| 005 | 20060303105643.31 | |
| 010 | @a7-111-17077-6@dCNY14.00 | |
| 100 | @a20060303d2005 km y0chiy0120 ea | |
| 101 | 0 | @achi@aeng |
| 102 | @aCN@b110000 | |
| 105 | @ay z 000yy | |
| 200 | 1 | @a简明实用英语@Ajian ming shi yong ying yu@e教师用书1@f崔秀敏, 项新宇主编@Fcui xiu min,xiang xin yu zhu bian |
| 210 | @a北京@c机械工业出版社@d2005.09 | |
| 215 | @a149页@d24cm | |
| 300 | @a"十一五"高职高专公共基础课规划教材 。 | |
| 330 | @a本书分读写教程、听说教程两部分。读写教程分背景知识、语言点、语篇结构/写作技巧、应用文体写作、习题答案、参考译文;听说教程分预热准备、听力训练、口语训练。 | |
| 517 | 1 | @a教师用书1@Ajiao shi yong shu 1 |
| 606 | 0 | @a英语@Aying yu@x高等教育@j教材 |
| 690 | @aH31@v4 | |
| 701 | 0 | @a崔秀敏@Acui xiu min@4主编 |
| 701 | 0 | @a项新宇@Axiang xin yu@4主编 |
| 801 | 0 | @aCN@bQSSK@c20060303 |
| 905 | @a10447@dH31@eC976 | |
| 简明实用英语:教师用书1/崔秀敏, 项新宇主编.-北京:机械工业出版社,2005.09 |
| 149页;24cm |
| "十一五"高职高专公共基础课规划教材 。 |
| ISBN 7-111-17077-6:CNY14.00 |
| 本书分读写教程、听说教程两部分。读写教程分背景知识、语言点、语篇结构/写作技巧、应用文体写作、习题答案、参考译文;听说教程分预热准备、听力训练、口语训练。 |
| ● |
| 相关链接 |
|
|
|
正题名:简明实用英语
索取号:H31/C976
 
预约/预借
| 序号 | 登录号 | 条形码 | 馆藏地/架位号 | 状态 | 备注 |
| 1 | 553749 | 205537490 | 语言库209/400B社科库 9排2列6层/ [索取号:H31/C976] | 在馆 | |
| 2 | 553750 | 205537506 | 语言库209/400B社科库 7排1列1层/ [索取号:H31/C976] | 在馆 | |
| 3 | 553751 | 205537515 | 社科二线400B/400B社科库 7排1列1层/ [索取号:H31/C976] | 在馆 |